[Event "Hampshire Major"]
[Site "Eastleigh"]
[Date "2013.11.09"]
[Round "3"]
[White "Armorgie, Jack"]
[Black "Roberts, Michael"]
[Result "0-1"]
[WhiteElo "1624"]
[BlackElo "1736"]
[PlyCount "76"]
[EventDate "2013.11.08"]
[EventType "swiss"]
[EventRounds "6"]
[EventCountry "ENG"]
[SourceTitle "Hampshire Chess Congress"]
[Source "Arthur Brameld"]
[SourceDate "2019.01.27"]
[SourceVersion "1"]
[SourceVersionDate "2019.01.27"]
[SourceQuality "2"]

1. d4 f5 2. Nf3 e6 3. c4 Nf6 4. Nc3 c6 5. g3 d5 6. cxd5 exd5 7. Bg2 Bd6 8. Ne5 O-O 9. O-O Nbd7 10. f4 Ne4 11. e3 Nxe5 12. fxe5 Be7 13. Qe2 Be6 14. Bd2 Qd7 15. Bh3 Ng5 16. Bg2 Rf7 17. Qd1 Raf8 18. Ne2 Ne4 19. Nf4 g5 20. Nxe6 Qxe6 21. Qc2 h5 22. Rf3 g4 23. Rff1 h4 24. gxh4 Bxh4 25. Be1 Bg5 26. Bf2 Qh6 27. Rae1 Rh7 28. Bg3 Bxe3+ 29. Rxe3 Qxe3+ 30. Bf2 Qh6 31. Bg3 Nxg3 32. hxg3 Qh2+ 33. Kf2 Qh6 34. Ke1 Qe3+ 35. Qe2 Qxg3+ 36. Rf2 f4 37. e6 Re7 38. Qc2 Rxe6+ 0-1

[Event "Hampshire Major"]
[Site "Eastleigh"]
[Date "2013.11.09"]
[Round "3"]
[White "Chapman, Matthew"]
[Black "Dore, Alexandre"]
[Result "1/2-1/2"]
[WhiteElo "1784"]
[BlackElo "1824"]
[PlyCount "48"]
[EventDate "2013.11.08"]
[EventType "swiss"]
[EventRounds "6"]
[EventCountry "ENG"]
[SourceTitle "Hampshire Chess Congress"]
[Source "Arthur Brameld"]
[SourceDate "2019.01.27"]
[SourceVersion "1"]
[SourceVersionDate "2019.01.27"]
[SourceQuality "2"]

1. e4 e6 2. d4 d5 3. Nd2 Nc6 4. c3 e5 5. Ngf3 Bg4 6. Bb5 exd4 7. cxd4 Bb4 8. Qb3 Bxd2+ 9. Bxd2 Nge7 10. Ne5 Be6 11. Qa4 O-O 12. Nxc6 Nxc6 13. Bxc6 bxc6 14. O-O dxe4 15. Qxc6 Qxd4 16. Bc3 Qc4 17. Qxc4 Bxc4 18. Rfc1 Bd3 19. Be5 Rfb8 20. Rxc7 Rb5 21. Bd4 a6 22. Rac1 Rd5 23. Rc8+ Rd8 24. Rxa8 Rxa8 1/2-1/2

[Event "Hampshire Major"]
[Site "Eastleigh"]
[Date "2013.11.09"]
[Round "3"]
[White "Hurn, Paul AT"]
[Black "Smith, Christopher"]
[Result "1/2-1/2"]
[WhiteElo "1752"]
[BlackElo "1632"]
[PlyCount "64"]
[EventDate "2013.11.08"]
[EventType "swiss"]
[EventRounds "6"]
[EventCountry "ENG"]
[SourceTitle "Hampshire Chess Congress"]
[Source "Arthur Brameld"]
[SourceDate "2019.01.27"]
[SourceVersion "1"]
[SourceVersionDate "2019.01.27"]
[SourceQuality "2"]

1. e4 e6 2. f4 c5 3. Nc3 Nc6 4. Nf3 g6 5. Bc4 Bg7 6. O-O Nge7 7. a3 O-O 8. Qe1 d5 9. exd5 exd5 10. Ba2 Bf5 11. d3 Nd4 12. Nxd4 Bxd4+ 13. Kh1 b6 14. Ne2 Bg7 15. Ng3 Be6 16. c3 Re8 17. Be3 Nf5 18. Nxf5 Bxf5 19. Qd2 d4 20. cxd4 Bxd4 21. Bxd4 Qxd4 22. Bc4 Re3 23. Rfe1 Rae8 24. Rxe3 Rxe3 25. Re1 Rxe1+ 26. Qxe1 Qxb2 27. Qe8+ Kg7 28. Qxf7+ Kh6 29. h3 Qc1+ 30. Kh2 Qxf4+ 31. Kh1 Qc1+ 32. Kh2 Qf4+ 1/2-1/2

[Event "Hampshire Major"]
[Site "Eastleigh"]
[Date "2013.11.09"]
[Round "3"]
[White "Jones, Tim"]
[Black "Pope, Michael"]
[Result "0-1"]
[WhiteElo "1760"]
[BlackElo "1664"]
[PlyCount "76"]
[EventDate "2013.11.08"]
[EventType "swiss"]
[EventRounds "6"]
[EventCountry "ENG"]
[SourceTitle "Hampshire Chess Congress"]
[Source "Arthur Brameld"]
[SourceDate "2019.01.27"]
[SourceVersion "1"]
[SourceVersionDate "2019.01.27"]
[SourceQuality "2"]

1. Nf3 Nf6 2. g3 Nc6 3. c4 e5 4. d3 Bb4+ 5. Nfd2 O-O 6. Bg2 d6 7. O-O Bxd2 8. Bxd2 Rb8 9. Nc3 a6 10. Rc1 Bd7 11. a3 Qc8 12. Bg5 Ne8 13. Nd5 f6 14. Be3 Kh8 15. b4 Bh3 16. c5 Bxg2 17. Kxg2 Qe6 18. Nc3 d5 19. Bd2 f5 20. e3 Nf6 21. Ne2 Rbd8 22. Re1 Qf7 23. Qb3 Qh5 24. f3 g5 25. Ng1 Qg6 26. Re2 h5 27. Kf1 Rg8 28. Be1 f4 29. Bf2 fxg3 30. Bxg3 h4 31. Be1 Rdf8 32. Rg2 Qh5 33. Ke2 d4 34. e4 g4 35. Rf2 gxf3+ 36. Nxf3 h3 37. Bd2 Ng4 38. Rff1 Nxh2 0-1

[Event "Hampshire Major"]
[Site "Eastleigh"]
[Date "2013.11.09"]
[Round "3"]
[White "Maund, Barry K"]
[Black "Symons, John"]
[Result "0-1"]
[WhiteElo "1752"]
[BlackElo "1632"]
[PlyCount "54"]
[EventDate "2013.11.08"]
[EventType "swiss"]
[EventRounds "6"]
[EventCountry "ENG"]
[SourceTitle "Hampshire Chess Congress"]
[Source "Arthur Brameld"]
[SourceDate "2019.01.27"]
[SourceVersion "1"]
[SourceVersionDate "2019.01.27"]
[SourceQuality "2"]

1. e4 d6 2. d4 Nf6 3. Nc3 g6 4. Bc4 Bg7 5. Bg5 h6 6. Bh4 c6 7. Nf3 b5 8. Bd3 Bb7 9. O-O Nbd7 10. Re1 O-O 11. Qd2 e5 12. dxe5 dxe5 13. Rad1 Qc7 14. h3 a6 15. Bg3 Rfe8 16. Nh2 Nh5 17. Qe3 c5 18. Nd5 Bxd5 19. exd5 Nxg3 20. Qxg3 c4 21. Be4 Qd6 22. c3 Rad8 23. Qe3 f5 24. Bc2 Nc5 25. b3 e4 26. bxc4 bxc4 27. g4 f4 0-1

[Event "Hampshire Major"]
[Site "Eastleigh"]
[Date "2013.11.09"]
[Round "3"]
[White "Papier, Alan"]
[Black "Grieve, Harry"]
[Result "1-0"]
[WhiteElo "1712"]
[BlackElo "1816"]
[PlyCount "99"]
[EventDate "2013.11.08"]
[EventType "swiss"]
[EventRounds "6"]
[EventCountry "ENG"]
[SourceTitle "Hampshire Chess Congress"]
[Source "Arthur Brameld"]
[SourceDate "2019.01.27"]
[SourceVersion "1"]
[SourceVersionDate "2019.01.27"]
[SourceQuality "2"]

1. Nf3 d5 2. c4 c6 3. g3 Nf6 4. Bg2 Bf5 5. cxd5 cxd5 6. Qb3 Qd7 7. Nc3 e6 8. d3 Nc6 9. Bf4 Bd6 10. Bxd6 Qxd6 11. O-O O-O 12. e4 dxe4 13. dxe4 Nxe4 14. Rfd1 Qe7 15. Nh4 Nxc3 16. Nxf5 exf5 17. Qxc3 Rac8 18. Re1 Qc7 19. Rac1 Rfd8 20. b4 Qd7 21. Qb2 h6 22. b5 Ne7 23. b6 axb6 24. Qxb6 Nc6 25. Rb1 Rc7 26. Rb5 g6 27. a4 Kg7 28. Rd5 Qc8 29. Qb2+ f6 30. Rb5 Rcd7 31. a5 Qa8 32. Rb6 Qxa5 33. Re6 Rf7 34. Rxb7 Rdf8 35. Bxc6 Kg8 36. Rb5 Qd8 37. Rd5 Qc7 38. Rdd6 Kg7 39. Qd4 Qb8 40. Rd7 Rxd7 41. Qxd7+ Rf7 42. Re7 Qf8 43. Rxf7+ Qxf7 44. Qxf7+ Kxf7 45. Kg2 g5 46. Kf3 Ke6 47. Be8 Ke7 48. Bg6 Ke6 49. Ke3 Ke5 50. f4+ 1-0

[Event "Hampshire Major"]
[Site "Eastleigh"]
[Date "2013.11.09"]
[Round "3"]
[White "Samuels, Henry Alexander"]
[Black "Allen, Leslie C"]
[Result "1/2-1/2"]
[WhiteElo "1680"]
[BlackElo "1872"]
[PlyCount "100"]
[EventDate "2013.11.08"]
[EventType "swiss"]
[EventRounds "6"]
[EventCountry "ENG"]
[SourceTitle "Hampshire Chess Congress"]
[Source "Arthur Brameld"]
[SourceDate "2019.01.27"]
[SourceVersion "1"]
[SourceVersionDate "2019.01.27"]
[SourceQuality "2"]

1. e4 d6 2. Bc4 Nf6 3. d3 c6 4. a4 Bg4 5. f3 Bh5 6. Be3 e5 7. Ne2 d5 8. Bb3 Na6 9. O-O Bc5 10. Bxc5 Nxc5 11. Nd2 O-O 12. g4 Nxb3 13. Nxb3 Bg6 14. Qe1 h6 15. Ng3 dxe4 16. dxe4 Qb6+ 17. Qf2 Rfd8 18. Rfd1 Qc7 19. a5 b6 20. axb6 axb6 21. Rxa8 Rxa8 22. Qd2 h5 23. g5 Nh7 24. h4 Nf8 25. Qd6 Qc8 26. Kh2 Qe6 27. Qxe6 Nxe6 28. Rd6 Rc8 29. Ne2 Kf8 30. Kg3 Ke7 31. Rd1 f6 32. gxf6+ gxf6 33. c3 Bf7 34. Nbc1 Ra8 35. Nd3 Rd8 36. Nf2 Ra8 37. f4 Rg8+ 38. Kf3 exf4 39. Nxf4 Nc5 40. b4 Nd7 41. Ra1 Ne5+ 42. Ke3 Rg3+ 43. Kd2 Kd6 44. Ra8 Rf3 45. N2d3 Nc4+ 46. Kc1 Rf1+ 47. Kc2 Rh1 48. Ra7 Rh2+ 49. Kc1 Rh1+ 50. Kc2 Rh2+ 1/2-1/2

[Event "Hampshire Major"]
[Site "Eastleigh"]
[Date "2013.11.09"]
[Round "3"]
[White "Syed, Ashraf"]
[Black "Moore, Gillian A"]
[Result "1-0"]
[WhiteElo "1656"]
[BlackElo "1784"]
[PlyCount "115"]
[EventDate "2013.11.08"]
[EventType "swiss"]
[EventRounds "6"]
[EventCountry "ENG"]
[SourceTitle "Hampshire Chess Congress"]
[Source "Arthur Brameld"]
[SourceDate "2019.01.27"]
[SourceVersion "1"]
[SourceVersionDate "2019.01.27"]
[SourceQuality "2"]

1. Nf3 d5 2. d4 Nc6 3. Bf4 Bg4 4. e3 e6 5. Bb5 Bd6 6. Bxc6+ bxc6 7. Bxd6 cxd6 8. Nbd2 Qa5 9. c3 Rb8 10. Qc2 Bf5 11. b4 Bxc2 12. bxa5 Nf6 13. O-O O-O 14. Rfc1 Bd3 15. Ne1 Bg6 16. c4 Rb2 17. Nef3 Rfb8 18. cxd5 cxd5 19. h3 Bc2 20. Ne1 Ba4 21. Rab1 g6 22. Nd3 Rxb1 23. Nxb1 Bb5 24. Ne1 Bc4 25. Nc3 Kg7 26. Rc2 a6 27. Nf3 Rc8 28. Na4 Rb8 29. Nb6 Bd3 30. Rc7 Ne8 31. Rc3 Bb1 32. a3 h6 33. Nd2 Ba2 34. Rc2 Bc4 35. Ndxc4 dxc4 36. Rxc4 d5 37. Rc6 Rb7 38. a4 Rc7 39. Rxc7 Nxc7 40. f4 f6 41. Nd7 Kf7 42. Nc5 Ke7 43. Kf2 Kd6 44. Kf3 e5 45. Nb7+ Kc6 46. Nc5 exd4 47. exd4 Kd6 48. g4 Ne6 49. Nxe6 Kxe6 50. h4 h5 51. f5+ gxf5 52. gxh5 Kf7 53. Kf4 Kg7 54. Kxf5 Kh6 55. Kxf6 Kxh5 56. Ke5 Kxh4 57. Kxd5 Kg5 58. Ke6 1-0

[Event "Hampshire Major"]
[Site "Eastleigh"]
[Date "2013.11.09"]
[Round "3"]
[White "Thompson, David F"]
[Black "Conway, Alexander"]
[Result "0-1"]
[WhiteElo "1856"]
[BlackElo "1848"]
[PlyCount "106"]
[EventDate "2013.11.08"]
[EventType "swiss"]
[EventRounds "6"]
[EventCountry "ENG"]
[SourceTitle "Hampshire Chess Congress"]
[Source "Arthur Brameld"]
[SourceDate "2019.01.27"]
[SourceVersion "1"]
[SourceVersionDate "2019.01.27"]
[SourceQuality "2"]

1. e4 d5 2. exd5 Nf6 3. d4 Nxd5 4. c4 Nb6 5. Nf3 Bg4 6. Be3 Nc6 7. Be2 e6 8. O-O Be7 9. Nc3 O-O 10. Rc1 Bf6 11. Ne4 Be7 12. h3 Bf5 13. Ng3 Bg6 14. a3 a5 15. Bd3 Bxd3 16. Qxd3 f5 17. Qd2 a4 18. Rfd1 Na5 19. Ng5 Qd7 20. d5 Naxc4 21. Qe2 Nxe3 22. Qxe3 Bxg5 23. Qxg5 Nxd5 24. Rc4 Rf7 25. Nh5 Qe7 26. Qc1 c6 27. Rdd4 Nb6 28. Rc3 Rd8 29. Rxd8+ Qxd8 30. Qe1 Qd6 31. Re3 Re7 32. Re2 Kf7 33. Rd2 Qc7 34. Ng3 Rd7 35. Re2 Rd6 36. Qc1 Qd8 37. Qc5 Rd5 38. Qc3 Qd6 39. Kh2 h5 40. h4 Rd4 41. Kh3 Qd8 42. Kh2 Qxh4+ 43. Kg1 Rd1+ 44. Re1 Rxe1+ 45. Qxe1 Qd4 46. Qc1 h4 47. Ne2 Qg4 48. f3 Qc4 49. Qe3 Nd5 50. Qe5 Qc5+ 51. Nd4 Qc1+ 52. Kf2 Qd2+ 53. Kg1 Qe3+ 0-1

[Event "Hampshire Major"]
[Site "Eastleigh"]
[Date "2013.11.09"]
[Round "3"]
[White "Williams, Robin J"]
[Black "Matthew, Ian G"]
[Result "0-1"]
[WhiteElo "1616"]
[BlackElo "1760"]
[PlyCount "68"]
[EventDate "2013.11.08"]
[EventType "swiss"]
[EventRounds "6"]
[EventCountry "ENG"]
[SourceTitle "Hampshire Chess Congress"]
[Source "Arthur Brameld"]
[SourceDate "2019.01.27"]
[SourceVersion "1"]
[SourceVersionDate "2019.01.27"]
[SourceQuality "2"]

1. e4 e5 2. f4 d5 3. exd5 c6 4. Nf3 e4 5. Ne5 cxd5 6. Bb5+ Bd7 7. Qh5 g6 8. Nxg6 Nf6 9. Qe5+ Be7 10. Nxe7 Qxe7 11. Bxd7+ Nbxd7 12. Qd4 Rg8 13. g3 Qc5 14. Qxc5 Nxc5 15. b4 Na4 16. d3 O-O-O 17. Bd2 Rge8 18. O-O e3 19. Be1 d4 20. Na3 Re6 21. Nc4 Ng4 22. Ne5 Nxe5 23. fxe5 Rd7 24. Rf5 Rc7 25. Rc1 Nb2 26. Ra1 Rxc2 27. Rxf7 Nxd3 28. Rxh7 Nxe5 29. Rh8+ Kc7 30. Rh7+ Kb6 31. Rh3 d3 32. Kf1 Rf6+ 33. Kg1 Nf3+ 34. Kh1 Nxe1 0-1

[Event "Hampshire Major"]
[Site "Eastleigh"]
[Date "2013.11.09"]
[Round "4"]
[White "Conway, Alexander"]
[Black "Desmedt, Richard E"]
[Result "1/2-1/2"]
[WhiteElo "1848"]
[BlackElo "1824"]
[PlyCount "33"]
[EventDate "2013.11.08"]
[EventType "swiss"]
[EventRounds "6"]
[EventCountry "ENG"]
[SourceTitle "Hampshire Chess Congress"]
[Source "Arthur Brameld"]
[SourceDate "2019.01.27"]
[SourceVersion "1"]
[SourceVersionDate "2019.01.27"]
[SourceQuality "2"]

1. e4 d5 2. exd5 Nf6 3. d4 Nxd5 4. c4 Nb6 5. Nf3 g6 6. Be3 Bg7 7. Nc3 O-O 8. Be2 c6 9. O-O Bg4 10. b3 N8d7 11. Rc1 Nf6 12. Qd2 Re8 13. Rfd1 Bxf3 14. Bxf3 e6 15. Bg5 Nbd7 16. Ne4 Nxe4 17. Bxe4 1/2-1/2

[Event "Hampshire Major"]
[Site "Eastleigh"]
[Date "2013.11.09"]
[Round "4"]
[White "Dore, Alexandre"]
[Black "Papier, Alan"]
[Result "1-0"]
[WhiteElo "1824"]
[BlackElo "1712"]
[PlyCount "85"]
[EventDate "2013.11.08"]
[EventType "swiss"]
[EventRounds "6"]
[EventCountry "ENG"]
[SourceTitle "Hampshire Chess Congress"]
[Source "Arthur Brameld"]
[SourceDate "2019.01.27"]
[SourceVersion "1"]
[SourceVersionDate "2019.01.27"]
[SourceQuality "2"]

1. e4 c5 2. c3 g6 3. d4 cxd4 4. cxd4 d5 5. e5 Nc6 6. Nc3 Nh6 7. Nf3 Bg4 8. Bb5 Bg7 9. h3 Bxf3 10. Qxf3 O-O 11. Bxc6 bxc6 12. O-O Nf5 13. Ne2 e6 14. b3 f6 15. Ba3 Rf7 16. Qc3 Rc8 17. f4 fxe5 18. fxe5 Bh6 19. Bc1 Qf8 20. Bxh6 Qxh6 21. Nf4 g5 22. Nd3 g4 23. Nf4 gxh3 24. gxh3 Rg7+ 25. Kh2 Rg3 26. Rg1 Qxf4 27. Rxg3+ Qxg3+ 28. Qxg3+ Nxg3 29. Kxg3 c5 30. Rc1 c4 31. bxc4 Rxc4 32. Rxc4 dxc4 33. Kf3 Kg7 34. Ke3 Kg6 35. Kd2 Kf5 36. Kc3 Ke4 37. Kxc4 h6 38. Kc5 h5 39. d5 exd5 40. e6 d4 41. e7 d3 42. e8=Q+ Kf3 43. Qxh5+ 1-0

[Event "Hampshire Major"]
[Site "Eastleigh"]
[Date "2013.11.09"]
[Round "4"]
[White "Pope, Michael"]
[Black "Williams, Robin J"]
[Result "0-1"]
[WhiteElo "1664"]
[BlackElo "1616"]
[PlyCount "66"]
[EventDate "2013.11.08"]
[EventType "swiss"]
[EventRounds "6"]
[EventCountry "ENG"]
[SourceTitle "Hampshire Chess Congress"]
[Source "Arthur Brameld"]
[SourceDate "2019.01.27"]
[SourceVersion "1"]
[SourceVersionDate "2019.01.27"]
[SourceQuality "2"]

1. e4 e5 2. Nf3 Nf6 3. d4 Nxe4 4. Qe2 d5 5. Nxe5 Be7 6. Nd2 Bf5 7. Qf3 Nd6 8. Bd3 Bxd3 9. Qxd3 O-O 10. O-O Nd7 11. f4 Nf6 12. Qh3 Qc8 13. Rf3 Qxh3 14. Rxh3 Nfe4 15. Nxe4 dxe4 16. Bd2 f6 17. Ng4 Nc4 18. Bc3 Bd6 19. b3 Na3 20. Bd2 Nxc2 21. Rc1 Nxd4 22. Rc4 Ne2+ 23. Kf2 Nxf4 24. Bxf4 Bxf4 25. Rxe4 f5 26. Nf6+ Rxf6 27. Rxf4 Rd8 28. Rc4 c6 29. Re3 Rfd6 30. Rf3 g6 31. Rcc3 Rd2+ 32. Kg3 Rxa2 33. Rfd3 Rd2 0-1

[Event "Hampshire Major"]
[Site "Eastleigh"]
[Date "2013.11.09"]
[Round "4"]
[White "Smith, Christopher"]
[Black "Venables, Simon MJ"]
[Result "1/2-1/2"]
[WhiteElo "1632"]
[BlackElo "1752"]
[PlyCount "72"]
[EventDate "2013.11.08"]
[EventType "swiss"]
[EventRounds "6"]
[EventCountry "ENG"]
[SourceTitle "Hampshire Chess Congress"]
[Source "Arthur Brameld"]
[SourceDate "2019.01.27"]
[SourceVersion "1"]
[SourceVersionDate "2019.01.27"]
[SourceQuality "2"]

1. c4 g6 2. g3 Bg7 3. Bg2 Nc6 4. Nc3 Nf6 5. e3 d6 6. a3 O-O 7. Nge2 Bg4 8. O-O Ne5 9. d3 Nf3+ 10. Kh1 Qd7 11. Qc2 Qf5 12. Ng1 Qh5 13. Nxf3 Bxf3 14. Bxf3 Qxf3+ 15. Kg1 Qh5 16. f3 c6 17. Qe2 Rfe8 18. e4 Rad8 19. Bd2 Nd7 20. Be3 Nb6 21. Rad1 d5 22. cxd5 cxd5 23. Bxb6 axb6 24. Nxd5 e6 25. Nc3 Qc5+ 26. Kg2 Bxc3 27. Rc1 b5 28. Rxc3 Qb6 29. Rfc1 h5 30. Rb3 Rd4 31. Rc4 Red8 32. Rxd4 Rxd4 33. Qc2 Qc6 34. Rc3 Qd6 35. b4 Kg7 36. Kf2 h4 1/2-1/2

[Event "Hampshire Major"]
[Site "Eastleigh"]
[Date "2013.11.09"]
[Round "4"]
[White "Stone, Mark R"]
[Black "Armorgie, Jack"]
[Result "1/2-1/2"]
[WhiteElo "1656"]
[BlackElo "1624"]
[PlyCount "86"]
[EventDate "2013.11.08"]
[EventType "swiss"]
[EventRounds "6"]
[EventCountry "ENG"]
[SourceTitle "Hampshire Chess Congress"]
[Source "Arthur Brameld"]
[SourceDate "2019.01.27"]
[SourceVersion "1"]
[SourceVersionDate "2019.01.27"]
[SourceQuality "2"]

1. e4 e6 2. d4 d5 3. Nd2 Nf6 4. e5 Nfd7 5. Bd3 c5 6. c3 Nc6 7. Ne2 Qb6 8. Nf3 f6 9. exf6 Nxf6 10. O-O cxd4 11. cxd4 Bd6 12. Re1 O-O 13. Ng3 Bd7 14. a3 Kh8 15. b4 Nxd4 16. Nxd4 Qxd4 17. Be3 Qh4 18. Be2 Ne4 19. Bf3 Nxg3 20. hxg3 Qe7 21. Rc1 a5 22. Bc5 axb4 23. axb4 Rac8 24. Bxd5 Bxc5 25. bxc5 Qf6 26. Bf3 Bc6 27. Re3 Qe7 28. Bxc6 Rxc6 29. Re5 Rfc8 30. Qc2 b6 31. Rh5 h6 32. Qc3 Kg8 33. Qe3 Rxc5 34. Rcxc5 bxc5 35. Re5 Rc6 36. f4 Qd6 37. Kh2 c4 38. f5 exf5 39. Rxf5 c3 40. Qe8+ Kh7 41. Rf8 Qxf8 42. Qxf8 c2 43. Qf5+ Kh8 1/2-1/2

[Event "Hampshire Major"]
[Site "Eastleigh"]
[Date "2013.11.10"]
[Round "5"]
[White "Allen, Leslie C"]
[Black "Chapman, Matthew"]
[Result "1/2-1/2"]
[WhiteElo "1872"]
[BlackElo "1784"]
[PlyCount "113"]
[EventDate "2013.11.08"]
[EventType "swiss"]
[EventRounds "6"]
[EventCountry "ENG"]
[SourceTitle "Hampshire Chess Congress"]
[Source "Arthur Brameld"]
[SourceDate "2019.01.27"]
[SourceVersion "1"]
[SourceVersionDate "2019.01.27"]
[SourceQuality "2"]

1. d4 d5 2. Bg5 Nf6 3. Bxf6 exf6 4. e3 Bf5 5. Nd2 c5 6. c3 Nc6 7. g3 Qd7 8. Bg2 cxd4 9. exd4 Be7 10. Qf3 Rd8 11. Ne2 O-O 12. h3 Rfe8 13. Kf1 Nb8 14. a4 Na6 15. Kg1 Bf8 16. Kh2 Nc7 17. Nf4 a6 18. Bf1 Bd6 19. Rg1 Bc2 20. a5 Qf5 21. Nd3 Qg5 22. Nb1 Re7 23. Na3 Bxa3 24. Rxa3 Qd2 25. Qf4 Qd1 26. Nc5 Qb1 27. Nxb7 Qxb2 28. Nxd8 Qxa3 29. Nc6 Rd7 30. Qd2 Be4 31. Nb4 Qxa5 32. Be2 Qb6 33. Bg4 Re7 34. Qf4 g5 35. Qd2 a5 36. Na2 Re8 37. Be2 Rb8 38. f3 Bg6 39. Rd1 Qb2 40. Nc1 Qxd2 41. Rxd2 Rb1 42. Na2 Nb5 43. c4 dxc4 44. Bxc4 Nd6 45. Bd5 Rb8 46. Nc3 Nf5 47. g4 Ne3 48. Kg1 Nxd5 49. Nxd5 Kg7 50. Ne7 Ra8 51. d5 Kf8 52. d6 Ke8 53. Nd5 Kd8 54. Nxf6 Rc8 55. Rd4 Rc6 56. Kf2 a4 57. Rxa4 1/2-1/2

[Event "Hampshire Major"]
[Site "Eastleigh"]
[Date "2013.11.10"]
[Round "5"]
[White "Conway, Alexander"]
[Black "Dore, Alexandre"]
[Result "1/2-1/2"]
[WhiteElo "1848"]
[BlackElo "1824"]
[PlyCount "59"]
[EventDate "2013.11.08"]
[EventType "swiss"]
[EventRounds "6"]
[EventCountry "ENG"]
[SourceTitle "Hampshire Chess Congress"]
[Source "Arthur Brameld"]
[SourceDate "2019.01.27"]
[SourceVersion "1"]
[SourceVersionDate "2019.01.27"]
[SourceQuality "2"]

1. e4 e6 2. d4 d5 3. e5 c5 4. c3 Nc6 5. Nf3 Qb6 6. a3 Nh6 7. b4 cxd4 8. cxd4 Nf5 9. Be3 f6 10. exf6 gxf6 11. Nc3 Bd7 12. Be2 Rc8 13. Na4 Qd8 14. Bf4 Ncxd4 15. Nxd4 Nxd4 16. Bh5+ Ke7 17. Qxd4 Bxa4 18. Qxa7 Bc6 19. b5 Bxb5 20. Qxb7+ Qd7 21. Qxd7+ Kxd7 22. a4 Ra8 23. a5 Rg8 24. g3 e5 25. Bd2 Bc5 26. Bf7 d4 27. Bxg8 Rxg8 28. Rb1 Kc6 29. f3 f5 30. Bb4 1/2-1/2

[Event "Hampshire Major"]
[Site "Eastleigh"]
[Date "2013.11.10"]
[Round "5"]
[White "Desmedt, Richard E"]
[Black "Thompson, David F"]
[Result "1/2-1/2"]
[WhiteElo "1824"]
[BlackElo "1856"]
[PlyCount "51"]
[EventDate "2013.11.08"]
[EventType "swiss"]
[EventRounds "6"]
[EventCountry "ENG"]
[SourceTitle "Hampshire Chess Congress"]
[Source "Arthur Brameld"]
[SourceDate "2019.01.27"]
[SourceVersion "1"]
[SourceVersionDate "2019.01.27"]
[SourceQuality "2"]

1. e4 Nf6 2. Nc3 d5 3. exd5 Nxd5 4. Bc4 Nb6 5. Bb3 c5 6. d3 Nc6 7. Nf3 c4 8. dxc4 Qxd1+ 9. Nxd1 Bg4 10. Ng5 Rd8 11. f3 Bh5 12. Be3 e6 13. O-O Be7 14. Nc3 O-O 15. Rad1 Nd7 16. Nge4 Bg6 17. c5 Na5 18. Nb5 Bxe4 19. fxe4 Nxc5 20. Nxa7 Naxb3 21. axb3 Nxe4 22. Nb5 Rc8 23. Rd4 f5 24. Rd7 Bc5 25. Bd4 Rf7 26. Rxf7 1/2-1/2

[Event "Hampshire Major"]
[Site "Eastleigh"]
[Date "2013.11.10"]
[Round "5"]
[White "Jones, Tim"]
[Black "Stone, Mark R"]
[Result "1-0"]
[WhiteElo "1760"]
[BlackElo "1656"]
[PlyCount "73"]
[EventDate "2013.11.08"]
[EventType "swiss"]
[EventRounds "6"]
[EventCountry "ENG"]
[SourceTitle "Hampshire Chess Congress"]
[Source "Arthur Brameld"]
[SourceDate "2019.01.27"]
[SourceVersion "1"]
[SourceVersionDate "2019.01.27"]
[SourceQuality "2"]

1. Nf3 Nf6 2. c4 c6 3. d4 d5 4. g3 Bg4 5. Ne5 Bh5 6. Bg2 e6 7. O-O Be7 8. Nc3 O-O 9. f3 Nbd7 10. cxd5 exd5 11. Nd3 Qc7 12. Be3 Bd6 13. Rc1 a6 14. b4 Qd8 15. Na4 Re8 16. Bf4 Bxf4 17. Nxf4 Qe7 18. Nxh5 Qe3+ 19. Rf2 Nxh5 20. Rc3 Qe7 21. Nc5 Nxc5 22. bxc5 Nf6 23. e3 Qd7 24. Re2 Re7 25. e4 dxe4 26. fxe4 Rae8 27. Rce3 Rd8 28. d5 cxd5 29. exd5 Rxe3 30. Rxe3 Kf8 31. d6 Re8 32. Qe2 Rxe3 33. Qxe3 Ne8 34. Bh3 Qb5 35. d7 Qb1+ 36. Bf1 g6 37. dxe8=Q+ 1-0

[Event "Hampshire Major"]
[Site "Eastleigh"]
[Date "2013.11.10"]
[Round "5"]
[White "Maund, Barry K"]
[Black "Smith, Christopher"]
[Result "1-0"]
[WhiteElo "1752"]
[BlackElo "1632"]
[PlyCount "71"]
[EventDate "2013.11.08"]
[EventType "swiss"]
[EventRounds "6"]
[EventCountry "ENG"]
[SourceTitle "Hampshire Chess Congress"]
[Source "Arthur Brameld"]
[SourceDate "2019.01.27"]
[SourceVersion "1"]
[SourceVersionDate "2019.01.27"]
[SourceQuality "2"]

1. e4 e6 2. d4 d5 3. exd5 exd5 4. Nc3 Nf6 5. Nf3 Bf5 6. Bd3 Bxd3 7. Qxd3 c6 8. O-O Be7 9. Bg5 Nbd7 10. Rfe1 O-O 11. Re2 Re8 12. Rae1 h6 13. Bh4 Rc8 14. Ne5 Qc7 15. Nxc6 Qxc6 16. Rxe7 Rxe7 17. Rxe7 Re8 18. Rxe8+ Nxe8 19. a3 Nc7 20. f3 Nb6 21. b3 Ne6 22. Bg3 a6 23. Nd1 Qd7 24. Ne3 Nc8 25. Ng4 Qe7 26. a4 Nb6 27. c3 Nd7 28. b4 Ndf8 29. Qf5 Qd7 30. Ne5 Qxa4 31. Qxf7+ Kh7 32. h3 Qa1+ 33. Kh2 Qxc3 34. Nd7 Qxb4 35. Nxf8+ Nxf8 36. Be5 1-0

[Event "Hampshire Major"]
[Site "Eastleigh"]
[Date "2013.11.10"]
[Round "5"]
[White "Moore, Gillian A"]
[Black "Armorgie, Jack"]
[Result "1-0"]
[WhiteElo "1784"]
[BlackElo "1624"]
[PlyCount "119"]
[EventDate "2013.11.08"]
[EventType "swiss"]
[EventRounds "6"]
[EventCountry "ENG"]
[SourceTitle "Hampshire Chess Congress"]
[Source "Arthur Brameld"]
[SourceDate "2019.01.27"]
[SourceVersion "1"]
[SourceVersionDate "2019.01.27"]
[SourceQuality "2"]

1. d4 f5 2. e4 fxe4 3. Nc3 Nf6 4. g4 h6 5. f3 exf3 6. Bd3 f2+ 7. Kxf2 e6 8. Bg6+ Ke7 9. Qf3 d5 10. g5 hxg5 11. Bxg5 c6 12. Nge2 Bd7 13. h4 Be8 14. Nf4 Kd7 15. Qe2 Qe7 16. Kg2 Na6 17. Rhe1 Nc7 18. a3 Bf7 19. Rad1 Re8 20. Rd3 Rg8 21. Bh7 Rh8 22. Ng6 Bxg6 23. Bxg6 Rc8 24. Rf3 Qd8 25. Re3 Be7 26. Rxe6 Nxe6 27. Qxe6+ Kc7 28. Qxe7+ Kb8 29. Qxd8 Rcxd8 30. Re7 Rd7 31. Bxf6 gxf6 32. Rxd7 Rxh4 33. Bf5 Rf4 34. Bd3 Rxd4 35. Rf7 a6 36. Rxf6 Rg4+ 37. Kf3 Rg7 38. Na4 Kc7 39. Nc5 Kb6 40. Ne6 Re7 41. b4 Ka7 42. Nd4 Kb6 43. a4 Rc7 44. a5+ Ka7 45. Nb3 Kb8 46. Nc5 Ka7 47. Kf4 Kb8 48. Bg6 Ka7 49. Ke5 b6 50. axb6+ Kxb6 51. Bd3 a5 52. bxa5+ Kxc5 53. a6 Re7+ 54. Re6 Rd7 55. Kf6 Ra7 56. Re7 Ra8 57. Ke6 Rh8 58. Kd7 Ra8 59. Re8 Ra7+ 60. Ke6 1-0